Biblioteca y Centro de Documentación

Vista normal Vista MARC

Entrada Nombre de reunión

Número de registros utilizados en: 1

001 - NÚMERO DE CONTROL

  • Campo de control: 39844

003 - IDENTIFICADOR DE NÚMERO DE CONTROL

  • Campo de control: ES-MaCES

005 - FECHA Y HORA DE LA ULTIMA MODIFICACION

  • Campo de control: 20210105110246.0

008 - ELEMENTOS DE DATOS DE LONGITUD FIJA

  • Campo de longitud fija: 210105|| azz||aabn | a|a d

040 ## - FUENTE DE LA CATALOGACIÓN

  • Agencia original de catalogación: ES-MaCES

111 ## - ENCABEZAMIENTO--NOMBRE DE REUNIÓN

  • Nombre de reunión o jurisdicción como elemento de entrada: Conferencia Hispano-Polaca sobre Tradición Jurídica Europea
  • Número de parte/sección/reunión:
  • Fecha de reunión: 2018
  • Lugar de la reunión: Castellón

670 ## - FUENTE DE DATOS ENCONTRADOS

  • Fuente de citación: Rebiun
© CES, Consejo Económico y Social de España 2021